Glen Courtney v Corp Limited (Record no. 77151)

MARC details
000 -LEADER
fixed length control field 01057cab a2200193 4500
001 - CONTROL NUMBER
control field ##L133680
008 - FIXED-LENGTH DATA ELEMENTS--GENERAL INFORMATION
fixed length control field 060601n2006 000 0 eng u
035 ## - SYSTEM CONTROL NUMBER
System control number (Sirsi) u133680
041 0# - LANGUAGE CODE
Language code of text/sound track or separate title eng
245 00 - TITLE STATEMENT
Title Glen Courtney v Corp Limited
260 ## - PUBLICATION, DISTRIBUTION, ETC.
Date of publication, distribution, etc. 2006
520 ## - SUMMARY, ETC.
Summary, etc. [2006] EWCA Civ 518, 1 March 2006. Examines compliance with the Law of Property (Miscellaneous Provisions) Act 1989 s2, of a contract to lend bridging funds for the purchase of property. A lender (Corp) appealed against a county court judgment regarding their liability for the borrower's inability to purchase the properties when the contract was not fulfilled. Corp argued that the contract did not comply with statute. "Held": Appeal dismissed.
590 ## - LOCAL NOTE (RLIN)
Local note IKA060606
650 24 - SUBJECT ADDED ENTRY--TOPICAL TERM
Topical term or geographic name entry element COURTNEY V CORP LTD
650 24 - SUBJECT ADDED ENTRY--TOPICAL TERM
Topical term or geographic name entry element LAW OF PROPERTY (MISCELLANEOUS PROVISIONS) ACT 1989 S2
690 ## - LOCAL SUBJECT ADDED ENTRY--TOPICAL TERM (OCLC, RLIN)
Topical term or geographic name as entry element PROPERTY-PROPERTY FINANCE AND INVESTMENT-SECURITISATION
856 40 - ELECTRONIC LOCATION AND ACCESS
Uniform Resource Identifier <a href="https://www.bailii.org/ew/cases/EWCA/Civ/2006/518.html">https://www.bailii.org/ew/cases/EWCA/Civ/2006/518.html</a>
Public note View the item free of charge at www.bailii.org...
942 ## - ADDED ENTRY ELEMENTS (KOHA)
Suppress in OPAC 0
Holdings
Withdrawn status Lost status Source of classification or shelving scheme Damaged status Not for loan Home library Current library Shelving location Date acquired Total Checkouts Full call number Barcode Date last seen Copy number Price effective from Koha item type
    Dewey Decimal Classification     Virtual Virtual Online 01/06/2006   ONLINE PUBLICATION 133680-1001 06/08/2019 1 06/08/2019 Law report